[Event "24. OSREDNJA SLOVENSKA LIGA 2023"]
[Site "gostovanja"]
[Date "2023.10.12"]
[Round "4.1"]
[White "Debevec, Blaz"]
[Black "Coklin, Marko"]
[Result "1/2-1/2"]
[WhiteElo "2100"]
[BlackElo "2119"]
[PlyCount "93"]
[EventDate "2023.10.12"]
[WhiteTeam "SD DOMZALE"]
[BlackTeam "SK TRZIN BUSCOTRADE"]

1. e4 c5 2. Nf3 Nc6 3. d4 cxd4 4. Nxd4 g6 5. c4 Bg7 6. Be3 Nf6 7. Nc3 O-O 8.
Be2 d6 9. O-O Bd7 10. Qd2 Nxd4 11. Bxd4 Bc6 12. f3 Nd7 13. Be3 a5 14. Rfd1 Nc5
15. Rac1 Qb6 16. Kh1 Qb4 17. h4 Na4 18. Nxa4 Bxa4 19. b3 Qxd2 20. Rxd2 Bc6 21.
Bg5 f6 22. Be3 f5 23. Bd3 fxe4 24. Bxe4 Bxe4 25. fxe4 Be5 26. Kg1 Bf4 27. Re1
Bg3 28. Bf2 Rxf2 29. Rxf2 Bxh4 30. e5 Bxf2+ 31. Kxf2 Kf7 32. g4 a4 33. exd6
exd6 34. Rh1 axb3 35. axb3 Kg7 36. Rd1 Ra3 37. Rxd6 Rxb3 38. g5 h5 39. gxh6+
Kxh6 40. c5 Kh5 41. c6 bxc6 42. Rxc6 g5 43. Rc4 Rh3 44. Kg2 Rh4 45. Rxh4+ Kxh4
46. Kh2 Kg4 47. Kg2 1/2-1/2

[Event "24. OSREDNJA SLOVENSKA LIGA 2023"]
[Site "gostovanja"]
[Date "2023.10.12"]
[Round "4.2"]
[White "Krupenko, Peter"]
[Black "Markosek, Bine"]
[Result "0-1"]
[WhiteElo "2015"]
[BlackElo "1821"]
[PlyCount "62"]
[EventDate "2023.10.12"]
[WhiteTeam "SK TRZIN BUSCOTRADE"]
[BlackTeam "SD DOMZALE"]

1. d4 d5 2. c4 e6 3. Nf3 Nf6 4. Nc3 Be7 5. e3 O-O 6. Be2 b6 7. O-O Bb7 8. Bd2
Nbd7 9. Rc1 c5 10. h3 Rc8 11. cxd5 Nxd5 12. Nxd5 Bxd5 13. Bc3 Bb7 14. Qa4 a6
15. dxc5 Nxc5 16. Qg4 Bf6 17. Rfd1 Qe7 18. Bxf6 Qxf6 19. b4 Ne4 20. Rxc8 Rxc8
21. Bxa6 h5 22. Qxh5 Bxa6 23. b5 Bb7 24. Rd7 Bd5 25. Ra7 Rc1+ 26. Kh2 Nxf2 27.
Kg3 Ne4+ 28. Kg4 Rc2 29. Ne1 g6 30. Qh6 Qf5+ 31. Kh4 Qf2+ 0-1

[Event "24. OSREDNJA SLOVENSKA LIGA 2023"]
[Site "gostovanja"]
[Date "2023.10.12"]
[Round "4.3"]
[White "Timagina, Sofia"]
[Black "Krumpak, Hinko"]
[Result "0-1"]
[WhiteElo "1463"]
[BlackElo "2008"]
[PlyCount "76"]
[EventDate "2023.10.12"]
[WhiteTeam "SD DOMZALE"]
[BlackTeam "SK TRZIN BUSCOTRADE"]

1. e4 e6 2. d4 d5 3. Nd2 dxe4 4. Nxe4 Nd7 5. Nf3 Ngf6 6. Bd3 Nxe4 7. Bxe4 Nf6
8. Bd3 c5 9. O-O cxd4 10. Bb5+ Bd7 11. Bxd7+ Qxd7 12. Qxd4 Qxd4 13. Nxd4 O-O-O
14. Nf3 Bc5 15. b3 Ne4 16. Bb2 f6 17. Bc1 Nxf2 18. b4 Nh3+ 19. Kh1 Nf2+ 20. Kg1
Bb6 21. g3 Nd3+ 22. Kg2 Nxb4 23. c3 Nc2 24. Rb1 Ne3+ 25. Bxe3 Bxe3 26. Rfe1 Rd3
27. Rb3 e5 28. Reb1 b6 29. Kh3 Rhd8 30. a4 e4 31. Ne1 Rd1 32. Ng2 Rxb1 33. Rxb1
Bd2 34. c4 f5 35. Rf1 g6 36. g4 Rd3+ 37. Kh4 g5+ 38. Kh5 Rh3+ 0-1

[Event "24. OSREDNJA SLOVENSKA LIGA 2023"]
[Site "gostovanja"]
[Date "2023.10.12"]
[Round "4.4"]
[White "Rojs, Igor"]
[Black "Cesnik, Sebastjan"]
[Result "1-0"]
[WhiteElo "1909"]
[BlackElo "1000"]
[PlyCount "67"]
[EventDate "2023.10.12"]
[WhiteTeam "SK TRZIN BUSCOTRADE"]
[BlackTeam "SD DOMZALE"]

1. c4 c5 2. Nc3 Nc6 3. g3 d6 4. Bg2 Bd7 5. e3 Rc8 6. Nge2 e5 7. O-O g6 8. d4
cxd4 9. exd4 Nge7 10. d5 Na5 11. Ne4 Ng8 12. b3 Bf5 13. Bb2 Bg7 14. h3 b6 15.
f4 Bxe4 16. Bxe4 Nf6 17. Bc2 exf4 18. Nxf4 O-O 19. Qd2 Nb7 20. Rae1 Nc5 21. Re2
Qd7 22. Kg2 Rce8 23. Rfe1 Rxe2+ 24. Rxe2 Re8 25. b4 Na4 26. Bd4 Rxe2+ 27. Nxe2
Ne8 28. Bb3 Nc7 29. Qc2 Nc5 30. bxc5 bxc5 31. Bxg7 Kxg7 32. Qe4 Ne8 33. Nc3 a6
34. Ba4 1-0

[Event "24. OSREDNJA SLOVENSKA LIGA 2023"]
[Site "gostovanja"]
[Date "2023.10.12"]
[Round "4.1"]
[White "Markun, Ozbej"]
[Black "Justin, Matjaz"]
[Result "0-1"]
[WhiteElo "1911"]
[BlackElo "2227"]
[PlyCount "80"]
[EventDate "2023.10.12"]
[WhiteTeam "SD TOMO ZUPAN"]
[BlackTeam "SD VRHNIKA"]

1. e4 c5 2. c3 d5 3. exd5 Qxd5 4. d4 e6 5. Nf3 Nf6 6. Bd3 Nc6 7. a3 h6 8. O-O
cxd4 9. cxd4 Qd8 10. Nc3 Bd6 11. Re1 O-O 12. b4 b6 13. Bb2 Bb7 14. Qe2 Ne7 15.
Ba6 Bxa6 16. Qxa6 Qc8 17. Qa4 a6 18. Rac1 b5 19. Qb3 Qb7 20. Rc2 Rfd8 21. Ne2
Nfd5 22. Rec1 Nb6 23. Nd2 Qd5 24. Qh3 Nf5 25. Nc3 Qb7 26. Ne2 a5 27. bxa5 Rxa5
28. Nb3 Raa8 29. Nc5 Qb8 30. Qb3 Bxh2+ 31. Kh1 Bf4 32. Nxf4 Qxf4 33. Qxb5 Nd5
34. Qc4 Nf6 35. Nb3 Qh4+ 36. Kg1 Ng4 37. g3 Qh2+ 38. Kf1 Nge3+ 39. fxe3 Nxe3+
40. Ke1 Qxg3+ 0-1

[Event "24. OSREDNJA SLOVENSKA LIGA 2023"]
[Site "gostovanja"]
[Date "2023.10.12"]
[Round "4.2"]
[White "Siraj, Anej"]
[Black "Demsar, Maks"]
[Result "1-0"]
[WhiteElo "2048"]
[BlackElo "1532"]
[PlyCount "71"]
[EventDate "2023.10.12"]
[WhiteTeam "SD VRHNIKA"]
[BlackTeam "SD TOMO ZUPAN"]

1. d4 Nf6 2. Nf3 c5 3. d5 d6 4. Bg5 e5 5. Nc3 Be7 6. e4 Na6 7. Bb5+ Bd7 8. a4
Nc7 9. Bxd7+ Qxd7 10. h3 O-O 11. O-O b6 12. Be3 Nfe8 13. Nd2 f5 14. exf5 Nf6
15. Qf3 e4 16. Ndxe4 Nfxd5 17. Nxd5 Nxd5 18. Ng3 Nc7 19. Bf4 Rad8 20. a5 b5 21.
Rad1 Ne8 22. Rfe1 d5 23. Re5 d4 24. Rde1 Rf7 25. Qe2 Nf6 26. Ne4 Nd5 27. Bg3
Rxf5 28. Rxf5 Qxf5 29. Qxb5 Nb4 30. c3 dxc3 31. bxc3 Nd3 32. Re3 Qd5 33. Bc7
Rd7 34. Qb8+ Bf8 35. Nd6 Nf4 36. Qxf8+ 1-0

[Event "24. OSREDNJA SLOVENSKA LIGA 2023"]
[Site "gostovanja"]
[Date "2023.10.12"]
[Round "4.3"]
[White "Smirnov, Maksim"]
[Black "Siraj, Svit"]
[Result "0-1"]
[WhiteElo "1491"]
[BlackElo "1914"]
[PlyCount "70"]
[EventDate "2023.10.12"]
[WhiteTeam "SD TOMO ZUPAN"]
[BlackTeam "SD VRHNIKA"]

1. d4 Nf6 2. Bf4 d5 3. e3 c5 4. c3 Nc6 5. Nf3 Qb6 6. Qc2 Bf5 7. dxc5 Bxc2 8.
cxb6 axb6 9. Na3 Be4 10. Nb5 Rc8 11. Nbd4 Nd7 12. Bb5 f6 13. Ne6 Kf7 14. Nfd4
g5 15. f3 Bf5 16. Nxf8 Nxd4 17. exd4 Nxf8 18. Bg3 Ng6 19. O-O Nf4 20. Bxf4 gxf4
21. Rfe1 Rcg8 22. Kf2 Rg5 23. a4 Rhg8 24. Rg1 e5 25. dxe5 fxe5 26. Rae1 Kf6 27.
g3 e4 28. fxe4 dxe4 29. Bc4 R8g7 30. Be2 h5 31. Rh1 e3+ 32. Kf3 Re7 33. Kxf4
Be4 34. Rhg1 Bg2 35. g4 Rxg4+ 0-1

[Event "24. OSREDNJA SLOVENSKA LIGA 2023"]
[Site "gostovanja"]
[Date "2023.10.12"]
[Round "4.4"]
[White "Vodnik, Val"]
[Black "Oblak, Tija"]
[Result "1-0"]
[WhiteElo "1556"]
[BlackElo "1105"]
[PlyCount "101"]
[EventDate "2023.10.12"]
[WhiteTeam "SD VRHNIKA"]
[BlackTeam "SD TOMO ZUPAN"]

1. d4 d5 2. c4 e6 3. Nf3 b6 4. g3 Bb7 5. Bg2 Nd7 6. Qc2 Rc8 7. O-O Ngf6 8. Nc3
a6 9. Nd2 c5 10. dxc5 Bxc5 11. cxd5 Bxd5 12. Bxd5 Nxd5 13. Nde4 Be7 14. Qd3 Nb4
15. Nd6+ Bxd6 16. Qxd6 Nc6 17. e4 Nc5 18. Rd1 Qxd6 19. Rxd6 O-O 20. Be3 Nb4 21.
Rxb6 a5 22. a3 Nbd3 23. Rd1 Ne5 24. Rb5 Ncd3 25. f4 Nf3+ 26. Kg2 Nfe1+ 27. Kf1
Rcd8 28. Rxe1 Nxe1 29. Kxe1 Rd3 30. Ke2 Rfd8 31. Rxa5 h6 32. Rb5 R3d7 33. a4
Ra8 34. a5 Rd6 35. Rb6 Rd7 36. a6 Kh7 37. Na4 Rc7 38. Nc5 Rcc8 39. Rb7 Kg8 40.
a7 Kf8 41. b4 Ke8 42. b5 Rd8 43. b6 Rdc8 44. Rb8 Ke7 45. Rxa8 Rxa8 46. b7 Rxa7
47. b8=Q Ra2+ 48. Kf3 g6 49. Qc7+ Kf8 50. Nd7+ Kg8 51. Qd8+ 1-0

[Event "24. OSREDNJA SLOVENSKA LIGA 2023"]
[Site "gostovanja"]
[Date "2023.10.12"]
[Round "4.1"]
[White "Olenik Campa, Rudi"]
[Black "Gantar, Jan"]
[Result "1-0"]
[WhiteElo "2281"]
[BlackElo "2223"]
[PlyCount "69"]
[EventDate "2023.10.12"]
[WhiteTeam "SK LJUBLJANA"]
[BlackTeam "SK KOMENDA POPOTNIK"]

1. e4 Nf6 2. e5 Nd5 3. d4 d6 4. c4 Nb6 5. exd6 cxd6 6. Nc3 g6 7. Be3 Bg7 8. Rc1
O-O 9. b3 e5 10. dxe5 dxe5 11. Qxd8 Rxd8 12. c5 N6d7 13. Bc4 Nc6 14. Nf3 h6 15.
O-O Nf8 16. Ne4 Be6 17. Nd6 Bxc4 18. Rxc4 Rd7 19. b4 Ne6 20. h4 b6 21. h5 bxc5
22. bxc5 gxh5 23. Nh4 Ncd4 24. Nhf5 Nxf5 25. Nxf5 Nd4 26. c6 Rc7 27. Nxd4 exd4
28. Bf4 Re7 29. c7 Rc8 30. Rb1 d3 31. Rb8 Ree8 32. Re4 Rxe4 33. Rxc8+ Kh7 34.
Rd8 Be5 35. Bxe5 1-0

[Event "24. OSREDNJA SLOVENSKA LIGA 2023"]
[Site "gostovanja"]
[Date "2023.10.12"]
[Round "4.2"]
[White "Lucovnik, Tilen"]
[Black "Glavac, Leo"]
[Result "1-0"]
[WhiteElo "2170"]
[BlackElo "1411"]
[PlyCount "83"]
[EventDate "2023.10.12"]
[WhiteTeam "SK KOMENDA POPOTNIK"]
[BlackTeam "SK LJUBLJANA"]

1. e4 e5 2. Nf3 Nc6 3. c3 Nf6 4. d4 exd4 5. e5 Nd5 6. Qb3 Nb6 7. cxd4 d5 8. Nc3
a6 9. Bg5 Be7 10. Bxe7 Qxe7 11. Be2 Be6 12. O-O O-O 13. a3 f6 14. exf6 Rxf6 15.
Qd1 Qd6 16. Qd2 Raf8 17. Rae1 Rh6 18. h4 Bg4 19. Ne5 Bxe2 20. Nxe2 Nxe5 21.
dxe5 Qxe5 22. Nc1 Qd6 23. g3 Nc4 24. Qe2 Rg6 25. Nd3 Qb6 26. Kg2 Nd6 27. Qe5
Rf5 28. Qe7 Qd4 29. Ne5 Rgf6 30. Re2 Rf8 31. Qe6+ Kh8 32. Nd7 Rg8 33. Rc1 Qd3
34. Rc3 Qb1 35. Rxc7 Nb5 36. Rc1 Qxc1 37. Qxf5 Nd4 38. Ne5 Rc8 39. Nf7+ Kg8 40.
Nh6+ Kh8 41. Qf7 gxh6 42. Re7 1-0

[Event "24. OSREDNJA SLOVENSKA LIGA 2023"]
[Site "gostovanja"]
[Date "2023.10.12"]
[Round "4.3"]
[White "Kovacic, Jakob"]
[Black "Zidar, Jernej"]
[Result "1/2-1/2"]
[WhiteElo "1185"]
[BlackElo "1976"]
[PlyCount "91"]
[EventDate "2023.10.12"]
[WhiteTeam "SK LJUBLJANA"]
[BlackTeam "SK KOMENDA POPOTNIK"]

1. e4 c5 2. Nc3 d6 3. d3 Nc6 4. g3 g6 5. Bg2 Bg7 6. f4 e6 7. Nf3 Nge7 8. Be3
Rb8 9. O-O b5 10. Rb1 b4 11. Ne2 Qa5 12. Nc1 Ba6 13. Re1 O-O 14. d4 c4 15. Bf1
Rfc8 16. b3 d5 17. e5 Nf5 18. Bf2 h5 19. h3 cxb3 20. cxb3 Bxf1 21. Rxf1 a6 22.
Rb2 Na7 23. Nd3 Nb5 24. Nc5 Nc3 25. Qd2 Rc7 26. Ne1 Bf8 27. Ned3 Rbc8 28. Rc1
Bxc5 29. Nxc5 Qb5 30. Rbc2 a5 31. Kg2 Qb6 32. g4 hxg4 33. hxg4 Ne7 34. a4 Ne4
35. Nxe4 dxe4 36. d5 Rxc2 37. Rxc2 Rxc2 38. Qxc2 e3 39. d6 Qb7+ 40. Kg1 exf2+
41. Qxf2 Nd5 42. Qh4 Nxf4 43. Qd8+ Kh7 44. Qh4+ Kg8 45. Qd8+ Kh7 46. Qh4+
1/2-1/2

[Event "24. OSREDNJA SLOVENSKA LIGA 2023"]
[Site "gostovanja"]
[Date "2023.10.12"]
[Round "4.1"]
[White "Hribar, Janez"]
[Black "Butala, Marjan"]
[Result "1/2-1/2"]
[WhiteElo "1888"]
[BlackElo "1897"]
[PlyCount "62"]
[EventDate "2023.10.12"]
[WhiteTeam "SD CRNI GRABEN"]
[BlackTeam "KPSRD KAREL JERAJ"]

1. d4 Nf6 2. Nf3 g6 3. c4 c5 4. d5 Bg7 5. Nc3 d6 6. e4 O-O 7. Be2 Na6 8. O-O
Nc7 9. a4 e6 10. Qc2 exd5 11. cxd5 Re8 12. Bf4 Nh5 13. Bg5 Bf6 14. Be3 Bd7 15.
Nd2 Kh8 16. Nc4 Qe7 17. Bxh5 gxh5 18. Bf4 Be5 19. Bxe5+ dxe5 20. d6 Qe6 21. Qe2
b5 22. axb5 Bxb5 23. Nxb5 Nxb5 24. Qd3 Nd4 25. f4 f6 26. fxe5 fxe5 27. Rf2 Rf8
28. Rxf8+ Rxf8 29. Rf1 Rxf1+ 30. Qxf1 Kg7 31. Qd3 Kf6 1/2-1/2

[Event "24. OSREDNJA SLOVENSKA LIGA 2023"]
[Site "gostovanja"]
[Date "2023.10.12"]
[Round "4.2"]
[White "Mlacnik, Janez"]
[Black "Majcen, Zoran"]
[Result "0-1"]
[WhiteElo "1809"]
[BlackElo "1800"]
[PlyCount "68"]
[EventDate "2023.10.12"]
[WhiteTeam "KPSRD KAREL JERAJ"]
[BlackTeam "SD CRNI GRABEN"]

1. d4 e6 2. Nf3 Nf6 3. Nbd2 b6 4. e4 Bb7 5. Bd3 c5 6. c3 Be7 7. O-O c4 8. Bc2
b5 9. Re1 Qc7 10. Nf1 h6 11. Ng3 d6 12. a4 a6 13. axb5 axb5 14. Rxa8 Bxa8 15.
d5 exd5 16. Nd4 dxe4 17. Nxb5 Qd7 18. Nd4 O-O 19. Nxe4 Bxe4 20. Bxe4 Nxe4 21.
Rxe4 d5 22. Rg4 f5 23. Rg3 Bd6 24. Re3 Bc5 25. Qe2 Bxd4 26. cxd4 Nc6 27. Qe1
Rf7 28. Qc3 Qa7 29. Re8+ Kh7 30. Rc8 Nxd4 31. Qe3 Qa1 32. Kf1 Nb3 33. Qe8 Qxc1+
34. Ke2 Nd4# 0-1

[Event "24. OSREDNJA SLOVENSKA LIGA 2023"]
[Site "gostovanja"]
[Date "2023.10.12"]
[Round "4.3"]
[White "Erazem, Franc"]
[Black "Kutin, Dusan"]
[Result "1/2-1/2"]
[WhiteElo "1473"]
[BlackElo "1721"]
[PlyCount "38"]
[EventDate "2023.10.12"]
[WhiteTeam "SD CRNI GRABEN"]
[BlackTeam "KPSRD KAREL JERAJ"]

1. e4 e5 2. Nf3 d6 3. Bc4 h6 4. c3 Nf6 5. d3 Be7 6. Nbd2 Nbd7 7. Nf1 Nb6 8. Bb3
O-O 9. Ng3 Bg4 10. h3 Be6 11. Be3 Bxb3 12. Qxb3 c6 13. a4 Qc7 14. O-O d5 15.
Rfd1 Rad8 16. Nf5 Rfe8 17. Nxe7+ Rxe7 18. h4 Nc8 19. Bc5 Ree8 {nejasno (27)}
1/2-1/2

[Event "24. OSREDNJA SLOVENSKA LIGA 2023"]
[Site "gostovanja"]
[Date "2023.10.12"]
[Round "4.4"]
[White "Vertacnik, Viktor"]
[Black "Krulej, Marko"]
[Result "1/2-1/2"]
[WhiteElo "1549"]
[BlackElo "1248"]
[PlyCount "32"]
[EventDate "2023.10.12"]
[WhiteTeam "KPSRD KAREL JERAJ"]
[BlackTeam "SD CRNI GRABEN"]

1. e4 e5 2. Bc4 Nf6 3. d3 h6 4. Nc3 c6 5. Nf3 d6 6. h3 a5 7. a3 Be7 8. O-O O-O
9. Nh2 b5 10. Ba2 Be6 11. f4 Bxa2 12. Rxa2 Nbd7 13. Ng4 Nxg4 14. Qxg4 Nf6 15.
Qf3 b4 16. Ne2 Nd7 {nejasno (33)} 1/2-1/2

[Event "24. OSREDNJA SLOVENSKA LIGA 2023"]
[Site "gostovanja"]
[Date "2023.10.12"]
[Round "4.1"]
[White "Veskovic, Dzemal"]
[Black "Grabljevec, Stane"]
[Result "1-0"]
[WhiteElo "1824"]
[BlackElo "1785"]
[PlyCount "85"]
[EventDate "2023.10.12"]
[WhiteTeam "SD MENGES - TRZIN"]
[BlackTeam "SD MEDVODE"]

1. e4 c5 2. Nf3 d6 3. h3 Nf6 4. Nc3 Nc6 5. Bc4 g6 6. d4 cxd4 7. Nxd4 Bg7 8. Be3
O-O 9. Nxc6 bxc6 10. O-O Nxe4 11. Nxe4 d5 12. Bd3 dxe4 13. Bxe4 Ba6 14. Qxd8
Raxd8 15. Rfb1 Bd4 16. Bh6 Bg7 17. Bxg7 Kxg7 18. Bxc6 Rd2 19. Ba4 Rfd8 20. Re1
e6 21. Bb3 R8d4 22. Rab1 Rf4 23. f3 Be2 24. c3 Bxf3 25. gxf3 Rxf3 26. Bd1 Rff2
27. Re3 Rg2+ 28. Kf1 Rh2 29. Ke1 Rdg2 30. Re2 Rg1+ 31. Kd2 Rhh1 32. a4 h5 33.
a5 g5 34. b4 g4 35. hxg4 hxg4 36. b5 g3 37. b6 g2 38. Kc2 axb6 39. axb6 Rh8 40.
b7 Rb8 41. c4 Kf6 42. Rd2 Ke7 43. c5 1-0

[Event "24. OSREDNJA SLOVENSKA LIGA 2023"]
[Site "gostovanja"]
[Date "2023.10.12"]
[Round "4.2"]
[White "Porenta, Matija"]
[Black "Simicak, Metod"]
[Result "1/2-1/2"]
[WhiteElo "1769"]
[BlackElo "1741"]
[PlyCount "137"]
[EventDate "2023.10.12"]
[WhiteTeam "SD MEDVODE"]
[BlackTeam "SD MENGES - TRZIN"]

1. e4 e5 2. Nf3 Nf6 3. Nxe5 Qe7 4. Nf3 Qxe4+ 5. Qe2 Bb4 6. c3 Ba5 7. d4 O-O 8.
Qxe4 Nxe4 9. Be3 d5 10. Be2 Bg4 11. h3 Bh5 12. Ne5 Bxe2 13. Kxe2 f6 14. Nd3 Nd7
15. Nd2 Rfe8 16. Rhe1 Re7 17. Nxe4 Rxe4 18. f3 Re7 19. Kd2 Rae8 20. Bf2 c5 21.
Bg3 Bb6 22. b4 a5 23. Rxe7 Rxe7 24. a3 axb4 25. axb4 g5 26. Bd6 Re6 27. Bxc5
Bxc5 28. Nxc5 Nxc5 29. bxc5 Kf7 30. g4 Kg6 31. Ra8 Re7 32. Rg8+ Kf7 33. Rh8 Kg7
34. Rb8 Kh6 35. Rg8 Rf7 36. Ke3 f5 37. Re8 f4+ 38. Kd3 Kg6 39. Re6+ Kg7 40. Re5
h6 41. Re8 Rd7 42. Kd2 Kf6 43. Rf8+ Kg7 44. Re8 Kg6 45. Rg8+ Kh7 46. Re8 h5 47.
Ke2 Rg7 48. Kd3 Kg6 49. Re6+ Kf7 50. Re5 hxg4 51. hxg4 Kf6 52. c4 dxc4+ 53.
Kxc4 Rh7 54. Kd3 Rh3 55. Ke4 Rh1 56. Rf5+ Kg6 57. Re5 Re1+ 58. Kd3 Rb1 59. Ke2
Rb2+ 60. Ke1 Kf6 61. Re4 Rc2 62. Kf1 Rb2 63. Ke1 b6 64. cxb6 Rxb6 65. Ke2 Rb4
66. Kf2 Rc4 67. Ke2 Rc2+ 68. Ke1 Rc4 69. Ke2 1/2-1/2

[Event "24. OSREDNJA SLOVENSKA LIGA 2023"]
[Site "gostovanja"]
[Date "2023.10.12"]
[Round "4.3"]
[White "Grasic, Marjan"]
[Black "Krupenko, Katja"]
[Result "1/2-1/2"]
[WhiteElo "1625"]
[BlackElo "1526"]
[PlyCount "37"]
[EventDate "2023.10.12"]
[WhiteTeam "SD MENGES - TRZIN"]
[BlackTeam "SD MEDVODE"]

1. g3 g6 2. Bg2 Bg7 3. Nf3 Nf6 4. O-O O-O 5. d3 d6 6. e4 e5 7. Bg5 Nc6 8. Nc3
h6 9. Be3 Kh7 10. Qd2 Ng4 11. Nd5 Nd4 12. c3 Nxf3+ 13. Bxf3 c6 14. Nb4 f5 15.
Qe2 Qe7 16. Bd2 Bd7 17. exf5 gxf5 18. Rae1 Rae8 19. Bg2 1/2-1/2

[Event "24. OSREDNJA SLOVENSKA LIGA 2023"]
[Site "gostovanja"]
[Date "2023.10.12"]
[Round "4.4"]
[White "Krupenko, Andrej"]
[Black "Ocepek, Marjan"]
[Result "1/2-1/2"]
[WhiteElo "1269"]
[BlackElo "1609"]
[PlyCount "68"]
[EventDate "2023.10.12"]
[WhiteTeam "SD MEDVODE"]
[BlackTeam "SD MENGES - TRZIN"]

1. d4 Nf6 2. c4 g6 3. Nc3 Bg7 4. Nf3 d6 5. e3 O-O 6. Bd3 c6 7. O-O Nbd7 8. Re1
Qc7 9. e4 e5 10. d5 c5 11. Bd2 a6 12. Qc1 Re8 13. b3 b6 14. Rb1 Nf8 15. b4 Bd7
16. Qc2 Nh5 17. Ne2 Bg4 18. Kh1 h6 19. h3 Bxf3 20. gxf3 Qd7 21. Kh2 g5 22. Rg1
Ng6 23. Ng3 Nhf4 24. Bxf4 Nxf4 25. Nf5 Kh7 26. Bf1 Qc7 27. b5 a5 28. a4 Rg8 29.
Be2 Bf6 30. Bf1 Rg6 31. Qd1 Rag8 32. Be2 Qd7 33. Rb3 Qd8 34. Re3 Qd7 1/2-1/2

[Event "24. OSREDNJA SLOVENSKA LIGA 2023"]
[Site "gostovanja"]
[Date "2023.10.12"]
[Round "4.1"]
[White "Lanjscek, Miha"]
[Black "Keber, Aljosa"]
[Result "0-1"]
[WhiteElo "1785"]
[BlackElo "1861"]
[PlyCount "70"]
[EventDate "2023.10.12"]
[WhiteTeam "SK TRZIN PEKOS PUB"]
[BlackTeam "SK KOMENDA POGI"]

1. d4 Nf6 2. c4 e6 3. Nc3 Bb4 4. Qc2 O-O 5. e3 d5 6. a3 Bxc3+ 7. bxc3 c5 8. Nf3
Nc6 9. Be2 dxc4 10. Bxc4 Na5 11. Be2 c4 12. e4 Nb3 13. Rb1 Nxc1 14. Rxc1 Qc7
15. e5 Nd5 16. Ng5 g6 17. h4 f6 18. exf6 Nf4 19. f7+ Kg7 20. h5 Nxg2+ 21. Kf1
Qf4 22. Kxg2 Qxg5+ 23. Kf1 Rxf7 24. Bxc4 Bd7 25. hxg6 hxg6 26. Rg1 Qh5 27. Bd3
Rf6 28. Be2 Qh2 29. Bd3 Raf8 30. Rxg6+ Rxg6 31. Bxg6 Bb5+ 32. c4 Bxc4+ 33. Ke1
Qg1+ 34. Kd2 Rxf2+ 35. Ke3 Qg3+ 0-1

[Event "24. OSREDNJA SLOVENSKA LIGA 2023"]
[Site "gostovanja"]
[Date "2023.10.12"]
[Round "4.2"]
[White "Babarovic, Fran"]
[Black "Konvalinka, Kostja"]
[Result "1-0"]
[WhiteElo "1653"]
[BlackElo "1726"]
[PlyCount "51"]
[EventDate "2023.10.12"]
[WhiteTeam "SK KOMENDA POGI"]
[BlackTeam "SK TRZIN PEKOS PUB"]

1. e4 c5 2. Nf3 d6 3. d4 cxd4 4. Nxd4 Nf6 5. Nc3 g6 6. Be3 Bg7 7. Be2 O-O 8.
O-O Nc6 9. Qd2 Nxd4 10. Bxd4 Bd7 11. f3 Bc6 12. Nd5 Bxd5 13. exd5 a6 14. g4 Ne8
15. Bxg7 Nxg7 16. Rf2 Qd7 17. h4 h5 18. Rg2 Kh7 19. gxh5 Nxh5 20. Bd3 Rg8 21.
Qg5 f5 22. Re1 Rg7 23. Re6 Nf6 24. Bxf5 Rag8 25. Rxf6 e5 26. Qh5# 1-0

[Event "24. OSREDNJA SLOVENSKA LIGA 2023"]
[Site "gostovanja"]
[Date "2023.10.12"]
[Round "4.3"]
[White "Bajec, Borut"]
[Black "Macek, Inti"]
[Result "1-0"]
[WhiteElo "1714"]
[BlackElo "1472"]
[PlyCount "101"]
[EventDate "2023.10.12"]
[WhiteTeam "SK TRZIN PEKOS PUB"]
[BlackTeam "SK KOMENDA POGI"]

1. d4 Nf6 2. Nf3 g6 3. c4 Bg7 4. Nc3 O-O 5. e3 d6 6. Bd3 Nbd7 7. O-O e5 8. Qc2
Ne8 9. dxe5 Nxe5 10. Nxe5 dxe5 11. b3 f5 12. Ba3 Nd6 13. Rad1 Qf6 14. Nd5 Qf7
15. c5 Ne8 16. Bc4 Be6 17. c6 bxc6 18. Bxf8 cxd5 19. Bxg7 dxc4 20. Bxe5 cxb3
21. Qc6 Rb8 22. axb3 Rb6 23. Qa8 Bd7 24. Qxa7 Bb5 25. Rfe1 Nd6 26. Bxd6 Rxd6
27. Qb8+ Qe8 28. Qxe8+ Bxe8 29. Rxd6 cxd6 30. Rd1 Kf7 31. Rxd6 Ke7 32. Rd4 Bb5
33. h4 h6 34. f4 h5 35. Rb4 Bc6 36. g3 Kd6 37. Kf2 Kc5 38. Rb8 Bd5 39. Ke2 Kc6
40. Kd3 Kc7 41. Rb4 Kc6 42. Kd4 Bf7 43. Ke5 Bd5 44. Kf6 Bf3 45. Kxg6 Bg4 46.
Rd4 Kc5 47. Rd8 Kb4 48. Rb8+ Kc5 49. Rh8 Kb4 50. Rxh5 Bxh5+ 51. Kxh5 1-0

[Event "24. OSREDNJA SLOVENSKA LIGA 2023"]
[Site "gostovanja"]
[Date "2023.10.12"]
[Round "4.4"]
[White "Zagar, Katarina"]
[Black "Banko, Franci"]
[Result "0-1"]
[WhiteElo "1149"]
[BlackElo "1404"]
[PlyCount "118"]
[EventDate "2023.10.12"]
[WhiteTeam "SK KOMENDA POGI"]
[BlackTeam "SK TRZIN PEKOS PUB"]

1. d4 Nf6 2. c4 c6 3. Nc3 d5 4. e3 g6 5. Nf3 Bf5 6. cxd5 cxd5 7. Qb3 Qb6 8.
Nxd5 Nxd5 9. Qxd5 Be6 10. Qb5+ Bd7 11. Qxb6 axb6 12. Bd3 Bg4 13. Ne5 h5 14.
Nxg4 hxg4 15. O-O e6 16. g3 Nc6 17. a3 O-O-O 18. Bb5 e5 19. Bxc6 bxc6 20. dxe5
g5 21. b4 Bg7 22. Bb2 Rde8 23. Rac1 Kc7 24. Rc2 Bxe5 25. Bxe5+ Rxe5 26. Rfc1
Rh6 27. a4 Re4 28. b5 c5 29. Rc4 Rhe6 30. a5 Kb7 31. axb6 Rxc4 32. Rxc4 Kxb6
33. Rxg4 f6 34. Rc4 Kxb5 35. Rc1 c4 36. Kf1 Kb4 37. Ke2 Rd6 38. Rd1 Rxd1 39.
Kxd1 Kc3 40. Kc1 g4 41. e4 Kd3 42. e5 fxe5 43. Kd1 e4 44. Ke1 Kc2 45. Ke2 Kb2
46. Ke3 c3 47. Kxe4 c2 48. Kf4 c1=Q+ 49. Kxg4 Qg1 50. h4 Qxf2 51. h5 Qf6 52.
Kh3 Qg5 53. g4 Kc3 54. Kg3 Kd3 55. Kf3 Kd4 56. Kg3 Ke4 57. Kh2 Qxg4 58. h6 Kf3
59. h7 Qg2# 0-1

[Event "24. OSREDNJA SLOVENSKA LIGA 2023"]
[Site "gostovanja"]
[Date "2023.10.19"]
[Round "5.1"]
[White "Coklin, Marko"]
[Black "Siraj, Anej"]
[Result "1-0"]
[WhiteElo "2119"]
[BlackElo "2048"]
[PlyCount "41"]
[EventDate "2023.10.20"]
[WhiteTeam "SK TRZIN BUSCOTRADE"]
[BlackTeam "SD VRHNIKA"]

1. c4 e6 2. g3 d5 3. Bg2 Nf6 4. Nf3 dxc4 5. Na3 c5 6. Nxc4 Be7 7. b3 b5 8. Nce5
Bb7 9. Nxf7 Bxf3 10. Bxf3 Kxf7 11. Bxa8 Qd4 12. Rb1 Nd5 13. Bb2 Qe4 14. O-O Nd7
15. Bc6 N7f6 16. Bxb5 h5 17. Bd3 Qg4 18. e4 Qh3 19. exd5 Ng4 20. Qf3+ Bf6 21.
Qg2 1-0

[Event "24. OSREDNJA SLOVENSKA LIGA 2023"]
[Site "gostovanja"]
[Date "2023.10.19"]
[Round "5.2"]
[White "Siraj, Svit"]
[Black "Jakob, Matthias"]
[Result "1-0"]
[WhiteElo "1914"]
[BlackElo "2011"]
[PlyCount "81"]
[EventDate "2023.10.20"]
[WhiteTeam "SD VRHNIKA"]
[BlackTeam "SK TRZIN BUSCOTRADE"]

1. e4 e6 2. d4 d5 3. Nc3 Bb4 4. Nge2 dxe4 5. a3 Bxc3+ 6. Nxc3 Nc6 7. d5 exd5 8.
Qxd5 Nf6 9. Qxd8+ Nxd8 10. Bg5 Bf5 11. Bxf6 gxf6 12. Nd5 Ne6 13. Nxf6+ Ke7 14.
Nd5+ Kd6 15. O-O-O Ke5 16. Bc4 Rad8 17. g3 c6 18. f4+ exf3 19. Rhe1+ Be4 20.
Nc3 Rxd1+ 21. Kxd1 Rd8+ 22. Bd3 f5 23. Nxe4 fxe4 24. Rxe4+ Kd5 25. Ke1 Rf8 26.
Kf2 Ng5 27. Rh4 Re8 28. Rg4 Ne4+ 29. Kxf3 Nf6 30. Rg7 Rf8 31. Kg2 h5 32. h3 b5
33. Rxa7 Kd4 34. Re7 c5 35. Bxb5 c4 36. Rc7 Ne4 37. Rxc4+ Ke3 38. Bc6 Rf2+ 39.
Kg1 Nd2 40. Rc3+ Ke2 41. Bb5+ 1-0

[Event "24. OSREDNJA SLOVENSKA LIGA 2023"]
[Site "gostovanja"]
[Date "2023.10.19"]
[Round "5.3"]
[White "Lah, Emil"]
[Black "Praznik, Anton"]
[Result "1/2-1/2"]
[WhiteElo "1937"]
[BlackElo "2011"]
[PlyCount "98"]
[EventDate "2023.10.20"]
[WhiteTeam "SK TRZIN BUSCOTRADE"]
[BlackTeam "SD VRHNIKA"]

1. e4 d6 2. d4 Nf6 3. Nc3 g6 4. Nf3 Bg7 5. Be2 O-O 6. O-O Bg4 7. h3 Bxf3 8.
Bxf3 Nc6 9. Be3 Nd7 10. Be2 e5 11. dxe5 dxe5 12. Bc4 Nb6 13. Bxb6 axb6 14. a3
Nd4 15. Ne2 Qe7 16. c3 Ne6 17. Qb3 Ng5 18. Ng3 h5 19. Rfe1 Rad8 20. Nf1 Rfe8
21. h4 Ne6 22. Bxe6 Qxe6 23. Qxe6 Rxe6 24. Rad1 Red6 25. Rxd6 Rxd6 26. f3 Bh6
27. Kf2 Kf8 28. Ke2 Ke7 29. g3 b5 30. Ne3 Bxe3 31. Kxe3 Rd8 32. Ke2 c6 33. Ke3
c5 34. Ke2 c4 35. Rd1 Rxd1 36. Kxd1 f5 37. Ke2 fxe4 38. fxe4 Kf6 39. Ke3 g5 40.
Kd2 gxh4 41. gxh4 Ke6 42. Kc2 Kd6 43. Kc1 Kc6 44. Kb1 Kb6 45. Kc1 Kc6 46. Kd2
Kc5 47. Kc1 Kc6 48. Kd2 Kc5 49. Kc1 Kc6 1/2-1/2